[Event "SRB-ch U16"]
[Site "Kragujevac"]
[Date "2016.05.02"]
[Round "1"]
[White "Bojovic, Marko"]
[Black "Krstic, Andrija Marko"]
[Result "0-1"]
[WhiteElo "1778"]
[BlackElo "1782"]
[PlyCount "93"]
[EventDate "2016.05.02"]
[EventType "tourn"]
[EventRounds "9"]
[EventCountry "SRB"]
[SourceTitle "CBM 172 Extra"]
[Source "ChessBase"]
[SourceDate "2016.06.21"]
[SourceVersion "1"]
[SourceVersionDate "2016.06.21"]
[SourceQuality "1"]

1. d4 Nf6 2. c4 e6 3. Nc3 Bb4 4. a3 Bxc3+ 5. bxc3 Ne4 6. Qc2 f5 7. Nf3 b6 8. Bf4 d6 9. h4 0-0 10. Ng5 Nxg5 11. Bxg5 Qe8 12. Bd2 Bb7 13. f3 Nc6 14. e3 Na5 15. Rb1 Ba6 16. c5 Bxf1 17. Rxf1 Nc4 18. Rb4 d5 19. cxb6 Nxa3 20. Qa2 axb6 21. Ke2 Nc4 22. Qc2 Qg6 23. Rg1 Ra5 24. Bc1 Rfa8 25. Kf2 Qh6 26. Qe2 Ra2 27. Bb2 Qxh4+ 28. g3 Qe7 29. Rb1 Nxb2 30. R4xb2 Rxb2 31. Qxb2 Qa3 32. e4 Qxb2+ 33. Rxb2 Ra3 34. exd5 exd5 35. Rb5 Ra5 36. Rb4 b5 37. Ke3 Kf7 38. g4 Kf6 39. gxf5 Kxf5 40. Rb1 c6 41. Rh1 h6 42. Rh5+ Kf6 43. Rh4 Ra7 44. Rf4+ Ke7 45. Rh4 Ra3 46. Kd2 b4 47. Rh3 0-1